<?xml version="1.0" encoding="UTF-8"?>
<record
    xmlns:xsi="http://www.w3.org/2001/XMLSchema-instance"
    xsi:schemaLocation="http://www.loc.gov/MARC21/slim http://www.loc.gov/standards/marcxml/schema/MARC21slim.xsd"
    xmlns="http://www.loc.gov/MARC21/slim">

  <leader>01397nam a22002297a 4500</leader>
  <controlfield tag="005">20220412160420.0</controlfield>
  <controlfield tag="008">220323b           ||||| |||| 00| 0 eng d</controlfield>
  <datafield tag="020" ind1=" " ind2=" ">
    <subfield code="a">9780128186312</subfield>
  </datafield>
  <datafield tag="040" ind1=" " ind2=" ">
    <subfield code="c">AL</subfield>
  </datafield>
  <datafield tag="041" ind1=" " ind2=" ">
    <subfield code="a">eng</subfield>
  </datafield>
  <datafield tag="082" ind1=" " ind2=" ">
    <subfield code="2">23</subfield>
    <subfield code="a">581.192</subfield>
    <subfield code="b">HELP</subfield>
  </datafield>
  <datafield tag="100" ind1=" " ind2=" ">
    <subfield code="a">Hans-Walter Heldt</subfield>
    <subfield code="9">25316</subfield>
  </datafield>
  <datafield tag="245" ind1=" " ind2=" ">
    <subfield code="a">Plant Biochemistry</subfield>
  </datafield>
  <datafield tag="250" ind1=" " ind2=" ">
    <subfield code="a">5th ed.</subfield>
  </datafield>
  <datafield tag="260" ind1=" " ind2=" ">
    <subfield code="a">London</subfield>
    <subfield code="b">Academic Press Elsevier</subfield>
    <subfield code="c">2021</subfield>
  </datafield>
  <datafield tag="300" ind1=" " ind2=" ">
    <subfield code="a">xiv,609p.</subfield>
    <subfield code="b">PB</subfield>
    <subfield code="c">23.5x19cm.</subfield>
  </datafield>
  <datafield tag="365" ind1=" " ind2=" ">
    <subfield code="2">General</subfield>
    <subfield code="a">6468</subfield>
    <subfield code="b">&#x20B9;6761.04</subfield>
    <subfield code="c">&#x20B9;</subfield>
    <subfield code="d">&#x20B9;8668.00</subfield>
    <subfield code="e">22%</subfield>
    <subfield code="f">12/03/2022</subfield>
  </datafield>
  <datafield tag="520" ind1=" " ind2=" ">
    <subfield code="a">Plant Biochemistry, Fifth Edition, enables students to gain basic knowledge of the entire field, from photosynthesis to genetic engineering and its many commercial applications. Topics include cell structure and function of isoprenoids, phenylpropanoids and other secondary metabolites, and plant growth regulation and development. The text covers recent research findings and identifies areas of future research. This book is suitable for graduate students and advanced undergraduates in plant physiology, plant pathology, plant cell biology, and other plant sciences, researchers in industries actively involved in agribusiness, other biotechnology enterprises, and researchers in agronomy, agriculture, plant development and related areas.
</subfield>
  </datafield>
  <datafield tag="650" ind1=" " ind2=" ">
    <subfield code="2">Botany</subfield>
    <subfield code="a">natural history of plants</subfield>
    <subfield code="9">29701</subfield>
  </datafield>
  <datafield tag="700" ind1=" " ind2=" ">
    <subfield code="a">Piechulla, Birgit</subfield>
    <subfield code="9">25317</subfield>
  </datafield>
  <datafield tag="942" ind1=" " ind2=" ">
    <subfield code="2">ddc</subfield>
    <subfield code="c">BK</subfield>
  </datafield>
  <datafield tag="999" ind1=" " ind2=" ">
    <subfield code="c">222002</subfield>
    <subfield code="d">222002</subfield>
  </datafield>
  <datafield tag="952" ind1=" " ind2=" ">
    <subfield code="0">0</subfield>
    <subfield code="1">0</subfield>
    <subfield code="2">ddc</subfield>
    <subfield code="4">0</subfield>
    <subfield code="7">0</subfield>
    <subfield code="8">BIOC</subfield>
    <subfield code="a">SACPG</subfield>
    <subfield code="b">SACPG</subfield>
    <subfield code="d">2022-03-14</subfield>
    <subfield code="e">Biblios Book Point </subfield>
    <subfield code="g">6761.04</subfield>
    <subfield code="l">4</subfield>
    <subfield code="m">1</subfield>
    <subfield code="o">581.192 HELP</subfield>
    <subfield code="p">PG023888</subfield>
    <subfield code="r">2022-12-16 00:00:00</subfield>
    <subfield code="s">2022-12-06</subfield>
    <subfield code="v">8668.00</subfield>
    <subfield code="w">2022-12-03</subfield>
    <subfield code="y">BK</subfield>
  </datafield>
</record>
